Pokémon que empiezan por la letra R - Estadísticas

Estadísticas generales
  • Esta prueba ha sido intentada 29 veces
  • La puntuación promedio es 23 de 39
Estadísticas de respuestas
Gen. Tipo Nombre % Correcto
I Eléctrico Raichu
100%
I Fuego Rapidash
90%
I Tierra/Roca Rhydon
90%
I Tierra/Roca Rhyhorn
90%
I Normal Raticate
81%
I Normal Rattata
81%
III Psíquico/Hada Ralts
76%
III Dragon/Volador Rayquaza
71%
IV Tierra/Roca Rhyperior
71%
III Hielo Regice
67%
VIII Dragon Regidrago
67%
IV Normal Regigigas
67%
III Roca Regirock
67%
III Acero Registeel
67%
V Roca Roggenrola
67%
IV Eléctrico/Fantasma Rotom
67%
IV Roca Rampardos
62%
V Dragon/Fuego Reshiram
62%
II Eléctrico Raikou
57%
VIII Eléctrico Regieleki
57%
III Agua/Roca Relicanth
57%
II Agua Remoraid
57%
V Psíquico Reuniclus
57%
VII Bicho/Hada Ribombee
57%
IV Planta/Veneno Roserade
57%
IV Lucha Riolu
52%
VIII Volador Rookidee
52%
III Planta/Veneno Roselia
52%
IX Acero/Veneno Revavroom
48%
VIII Planta Rillaboom
48%
IX Bicho/Psíquico Rabsca
43%
VII Planta/Volador Rowlet
43%
V Normal/Volador Rufflet
43%
VIII Tierra/Fantasma Runerigus
43%
VIII Fuego Raboot
38%
IX Bicho Rellor
38%
VII Roca Rockruff
38%
VIII Roca Rolycoly
33%
IX Bicho/Lucha Reptalada
14%
No se encontraron pruebas coincidentes
Distribución de puntuación
Porcentaje de gente con cada puntuación
Porcentaje por número respondido
Historial de tus puntuaciones
No has intentado esta prueba.